Euroopan maantiedettä kirjaimittain - C - Statistics

Yleistilastot
  • Tätä visaa on pelattu 886 kertaa
  • Keskiarvotulos 8 / 20
Vastaustilastot
Vihje Vastaus % Oikein
Ranskalainen elokuvajuhlistaan tunnettu kaupunki Cannes
86%
Kuuluisa amfiteatteri Roomassa Colosseum
86%
Moldovan pääkaupunki Chişinău
83%
Walesin pääkaupunki Cardiff
59%
Englannissa sijaitseva kaupunki, jonka yliopisto perustettiin vuonna 1209 Cambridge
56%
Kuohuviinistä tunnettu historiallinen alue Ranskassa Champagne
56%
Tunnettu järvi ja kaupunki Lombardian pohjoisosissa Italiassa {Como}järvi
56%
Ranskan ja Britannian yhdistävän tunnelin eteläinen päätepiste Calais
38%
Irlannin lounaisosien suurin kaupunki Cork
37%
Talviolympialaiset vuonna 1956 järjestänyt ja uudelleen vuonna 2026 järjestävä italialainen talviurheilukeskus Cortina d'Ampezzo
37%
Sardinian alueen pääkaupunki Cagliari
27%
Andalusialainen kaupunki, joka oli keskiajalla yksi Euroopan suurimmista kaupungeista Córdoba
26%
Italian eteläosissa Sisilian vieressä sijaitseva alue Calabria
20%
Kreetan toiseksi suurin kaupunki Chania
20%
Romanian toiseksi suurin kaupunki Cluj-Napoca
18%
Englannissa sijaitseva "kelttiläinen maa" Cornwall
18%
Tunnettiin Itä-Saksan aikoina nimellä Karl-Marx-Stadt Chemnitz
14%
Napoli on tämän Italian alueen pääkaupunki Campania
11%
Turkin rannikkoa lähellä oleva Kreikalle kuuluva saari, jossa Néa Monín luostari sijaitsee Chios
10%
Espanjan pohjoisosissa sijaitseva itsehallintoalue Cantabria
7%
Ehtoja vastaavia visoja ei löytynyt
Tulosjakauma
Jokaisen tuloksen saaneiden osuus
Persentiili vastausten määrän mukaan
Tuloshistoriasi
Et ole pelannut tätä visaa